The legend of Slappy Hooper : (Record no. 103415)
[ view plain ]
| 000 -LEADER | |
|---|---|
| fixed length control field | 00687nam a2200181 a 4500 |
| 005 - DATE AND TIME OF LATEST TRANSACTION | |
| control field | 20140412111301.0 |
| 008 - FIXED-LENGTH DATA ELEMENTS--GENERAL INFORMATION | |
| fixed length control field | 001116s19uu xx 00 eng d |
| 020 ## - INTERNATIONAL STANDARD BOOK NUMBER | |
| International Standard Book Number | 1-684-19535-6 |
| 050 ## - LIBRARY OF CONGRESS CALL NUMBER | |
| Classification number | ER |
| Item number | Le46 1993 |
| 100 ## - MAIN ENTRY--PERSONAL NAME | |
| Personal name | Shepard, Aaron |
| 245 ## - TITLE STATEMENT | |
| Title | The legend of Slappy Hooper : |
| Remainder of title | an American tall tale / |
| Statement of responsibility, etc | retold by Aaron Shepard ; pictures by Toni Goffe. |
| 260 ## - PUBLICATION, DISTRIBUTION, ETC. (IMPRINT) | |
| Place of publication, distribution, etc | New York : |
| Name of publisher, distributor, etc | Charles Scribner's Sons, |
| Date of publication, distribution, etc | 1993. |
| 300 ## - PHYSICAL DESCRIPTION | |
| Extent | 1 v. (unp.) ; ill.; col. |
| 520 ## - SUMMARY, ETC. | |
| Summary, etc | Slappy Hooper, the world's biggest, fastest, bestfest sign painter getsin all kinds of trouble with his amazing realistic signs |
| 650 ## - SUBJECT ADDED ENTRY--TOPICAL TERM | |
| Topical term or geographic name as entry element | Folkore -- United States |
| 650 ## - SUBJECT ADDED ENTRY--TOPICAL TERM | |
| Topical term or geographic name as entry element | Tall Tales |
| Withdrawn status | Lost status | Damaged status | Use restrictions | Home library | Current library | Shelving location | Date acquired | Source of acquisition | Total Checkouts | Full call number | Barcode | Date last seen | Price effective from | Koha item type |
|---|---|---|---|---|---|---|---|---|---|---|---|---|---|---|
| Elizalde Library | Elizalde Library | Easy Reading Section | 11/16/2000 | ER Le46 1993 | E4771 | 04/12/2014 | 04/12/2014 | Books |